00533nam a2200193Ia 450000500170000000800460001703700110006304000080007404000080008204000080009004100080009804100080010608400080011410000470012224500660016926000090023530000100024470000850025420260430150009.0008 250103s9999 xx 000 0 eng d aTheses aCRL beng ceng 2eng aeng qCRL aPandey Srikant Au.; Chakrabarty Bidyut Gu. 0aIndian Party System in Coalition in coalition Era (1999-2014) c2021 a280p. aUniversity of Delhi. Faculty of Social Sciences. Department of Political Science